Southville International School and Colleges
Your cart is empty.
  • Cart
  • Lists
    Public lists Eva Luna New books Lux_list list_1
    Your lists Log in to create your own lists
  • Log in to your account
  • Your cookies
  • Search history
Southville International School and Colleges
  • Advanced search
  • Recent comments
  • Most popular
  • Libraries

Log in to your account

Log in with GOOGLE


If you do not have an external account, but do have a local account, you can still log in:

  1. Home
  2. MARC view: Storm thief /
Normal view MARC view ISBD view

Storm thief / (Record no. 33246)

[ view plain ]
MARC details
000 -LEADER
fixed length control field 00995cam a22003374a 4500
001 - CONTROL NUMBER
control field 14201885
003 - CONTROL NUMBER IDENTIFIER
control field Ost
005 - DATE AND TIME OF LATEST TRANSACTION
control field 20140310184240.0
008 - FIXED-LENGTH DATA ELEMENTS--GENERAL INFORMATION
fixed length control field 051216r20062006nyu d 000 1 eng
010 ## - LIBRARY OF CONGRESS CONTROL NUMBER
LC control number 2005035993
020 ## - INTERNATIONAL STANDARD BOOK NUMBER
International Standard Book Number 043986514x
040 ## - CATALOGING SOURCE
Original cataloging agency DLC
Transcribing agency DLC
Modifying agency DLC
042 ## - AUTHENTICATION CODE
Authentication code lcac
050 00 - LIBRARY OF CONGRESS CALL NUMBER
Classification number PZ 7
Item number .W860368Sto 2007
100 1# - MAIN ENTRY--PERSONAL NAME
Personal name Wooding, Chris,
Dates associated with a name 1977-
9 (RLIN) 24734
245 10 - TITLE STATEMENT
Title Storm thief /
Statement of responsibility, etc Chris Wooding.
250 ## - EDITION STATEMENT
Edition statement 1st Orchard Books ed.
260 ## - PUBLICATION, DISTRIBUTION, ETC. (IMPRINT)
Place of publication, distribution, etc New York :
Name of publisher, distributor, etc Scholastic Books Inc.,
Date of publication, distribution, etc 200
300 ## - PHYSICAL DESCRIPTION
Extent 310 p. ;
Dimensions 22 cm.
521 ## - TARGET AUDIENCE NOTE
Target audience note
526 ## - STUDY PROGRAM INFORMATION NOTE
Reading level 800
650 #1 - SUBJECT ADDED ENTRY--TOPICAL TERM
Topical term or geographic name as entry element Golem
Form subdivision Fiction.
9 (RLIN) 24735
650 #1 - SUBJECT ADDED ENTRY--TOPICAL TERM
Topical term or geographic name as entry element Survival
Form subdivision Fiction.
9 (RLIN) 24736
650 #1 - SUBJECT ADDED ENTRY--TOPICAL TERM
Topical term or geographic name as entry element Islands
Form subdivision Fiction.
9 (RLIN) 24737
650 #1 - SUBJECT ADDED ENTRY--TOPICAL TERM
Topical term or geographic name as entry element Science fiction.
906 ## - LOCAL DATA ELEMENT F, LDF (RLIN)
a 7
b cbc
c orignew
d 1
e ecip
f 20
g y-gencatlg
942 ## - ADDED ENTRY ELEMENTS (KOHA)
Source of classification or shelving scheme Library of Congress Classification
Koha item type
Holdings
Withdrawn status Lost status Source of classification or shelving scheme Damaged status Home library Current library Shelving location Date acquired Total Checkouts Full call number Barcode Date last seen Copy number Price effective from Koha item type Source of acquisition
    Library of Congress Classification   Luxembourg Library Luxembourg Library Scholastic Reading Center Section 04/10/2012   PZ 7 .W860368Sto 2007 LEX1300 08/13/2013 1 01/30/2014 Books  
    Library of Congress Classification   Luxembourg Library Luxembourg Library Scholastic Reading Center Section 10/07/2013   PZ 7 .W860368Sto 2007 LEX1299 04/18/2017 2 01/30/2014 Books Donation

Storm thief /

APA

Wooding C., . (200). Storm thief. New York: Scholastic Books Inc.

Chicago

Wooding Chris, . 200. Storm thief. New York: Scholastic Books Inc.

Harvard

Wooding C., . (200). Storm thief. New York: Scholastic Books Inc.

MLA

Wooding Chris, . Storm thief. New York: Scholastic Books Inc. 200.

  • Place hold
  • Print
  • Cite
  • Add to your cart (remove)
  • Save record
    BIBTEX Dublin Core MARCXML MARC (non-Unicode/MARC-8) MARC (Unicode/UTF-8) MARC (Unicode/UTF-8, Standard) MODS (XML) RIS
  • More searches
    Search for this title in:
    Other Libraries (WorldCat) Other Databases (Google Scholar) Online Stores (Bookfinder.com) Open Library (openlibrary.org)

Exporting to Dublin Core...

SOUTHVILLE LIBRARY

Southville International School and Colleges Library

1281 Tropical Ave. Cor. Luxembourg St., BF Homes International, Las Pinas City

Tel. No. 8256374 / 252358 Loc. 117/146

Powered by Koha